| 000 | 01205cam a2200313 a 4500 | ||
|---|---|---|---|
| 001 | 15755084 | ||
| 003 | OSt | ||
| 005 | 20231229145226.0 | ||
| 008 | 090529s2009 ne a bf 001 0 eng | ||
| 010 | _a 2009929643 | ||
| 020 | _a9780387938363 (softcover : acidfree paper) | ||
| 020 | _a9780387938370 (electronic) | ||
| 040 |
_aDLC _cDLC |
||
| 050 | 0 | 0 |
_aQA276.45.R3 _bZ88 2009 |
| 082 |
_a519.50285 _bZUU/B |
||
| 100 | 1 |
_aZuur, Alain F. _910241 |
|
| 245 | 1 | 2 |
_aA beginner's guide to R / _cAlain F. Zuur, Elena N. Ieno, Erik H.W.G. Meesters. |
| 260 |
_aDordrecht ; _aNew York : _bSpringer, _cc2009. |
||
| 300 |
_axv, 218 p. : _bill. ; _c24 cm. |
||
| 490 | 0 | _aUse R! | |
| 504 | _aIncludes bibliographical references (p. 207-208) and index. | ||
| 650 | 0 |
_aR (Computer program language) _vHandbooks, manuals, etc. |
|
| 650 | 0 |
_aMathematical statistics _xData processing _vHandbooks, manuals, etc. |
|
| 700 | 1 | _aIeno, Elena N. | |
| 700 | 1 | _aMeesters, Erik H. W. G. | |
| 906 |
_a7 _bcbc _corignew _d2 _eepcn _f20 _gy-gencatlg |
||
| 942 |
_2ddc _cBK _h519.50285 _iZUU/B _k519.50285 _mZUU/B |
||
| 999 |
_c44245 _d44245 |
||